| 000 | 00365pab a2200145 454500 | ||
|---|---|---|---|
| 008 | 180718b1984 xxu||||| |||| 00| 0 eng d | ||
| 100 | _aDebroy, B. | ||
| 245 | _aEarnings, incomes and living standards in Bulgaria | ||
| 260 | _c1984 | ||
| 300 | _a341-68 | ||
| 362 | _aDec. | ||
| 650 | _aIncome Distribution - Bulgaria | ||
| 773 | _aArtha Vijnana | ||
| 909 | _a10277 | ||
| 999 |
_c10277 _d10277 |
||